000 00531nam a2200181Ia 4500
005 20250508161035.0
008 008 250505s9999 xx 000 0 eng d
037 _aReference
040 _aFEDL
_beng
_cFEDL
041 _aeng
_2eng
084 _a635.9663, WEB
_qFEDL
100 _aWebb Iris Ed.
_9770076
245 0 _aComplete guide to flower and foliage arrangement
260 _aEngland
_bWebb and Bower Publishers Ltd.
_c1979
300 _a256p.
942 _cREF
_h635.9663, WEB
999 _c1368088
_d1368088